000
00194 a2200097 4500
001
75091
082
_a
658 TER
090
_c
39092
_d
39092
100
_a
Terry
245
_a
Principles of Management
942
_a
CAE NUST
_k
658 TER
999
_c
310164
_d
310164